00210nam a2200085 45000820010000002420029000102450022000392600052000613000011001130 a225.500aNew testament in Bangala10aKondimana na sika aKinshasabAlliance Biblique Universellecc.1977 a656 p.